PETRONAS and the petroleum industry of Malaysia.
| Corporate Author: | |
|---|---|
| Format: | Book |
| Published: |
Kuala Lumpur:
PETRONAS,
1984.
|
| Subjects: |
| LEADER | 00508cam a2200169 7i4500 | ||
|---|---|---|---|
| 001 | 0000019288 | ||
| 005 | 20070524090000.0 | ||
| 090 | 0 | 0 | |a M 338.76655 |b PET |
| 110 | 2 | 0 | |a PETRONAS |
| 245 | 2 | 0 | |a PETRONAS and the petroleum industry of Malaysia. |
| 260 | 0 | 0 | |a Kuala Lumpur: |b PETRONAS, |c 1984. |
| 300 | # | # | |a 96 p. |
| 650 | 0 | 0 | |a Petroleum industry and trade -- |z Malaysia |
| 650 | 0 | 0 | |a PETRONAS |
| 650 | 0 | 0 | |a Petroleum research -- |z Malaysia |
| 651 | 0 | 0 | |a Malaysia |
| 999 | |a 0000020129 |b Book |c Malaysia |e Business Information Centre | ||